| 000 | 00445cam a2200181 4500 | ||
|---|---|---|---|
| 001 | D9062 | ||
| 008 | 090401t1983 xxu||||| |||| 00| 0 eng d | ||
| 035 | _a(Sirsi) u94808 | ||
| 041 | _aeng | ||
| 050 | _a526.9092 | ||
| 110 |
_aJ A Storey and Partners _93365 |
||
| 245 | _aFifty years 1933 - 1983 | ||
| 260 |
_aMitcham, Surrey _bJ A Storey and Partners _c1983 |
||
| 300 | _a14p. ill. 30cm | ||
| 350 | _a0 | ||
| 942 | _n0 | ||
| 948 | _c04/03/1997 | ||
| 999 |
_c98194 _d98194 |
||